000 01605nam a2200349 a 4500
001 000004030
003 DO-SdBNP
005 20260305073950.0
007 ta
008 090716e1982 dr a er 001 0 spa d
040 _aDO-SdBNP
_bspa
_cBNPHU
041 _hspa
082 4 _bP962s
_222
245 0 4 _aLos problemas del sector rural en la República Dominicana /
_ceditor ; Frank Moya Pons ; composición y diagramación Ninón León de Seleme
260 _aSanto Domingo :
_bFORUM,
_c1982.
300 _a232 p. :
_bil. ; gráficos ;
_c23 cm.
490 1 _aForum :
_aSector Rural ;
_x3
500 _aIncluye índice.-
500 _aIncluye notas al pie de páginas.-
505 1 _aPresentación.-
505 1 _aIntroducción.-
505 1 _aLa producción de alimentos y las posibilidades de abastecimiento de la agricultura dominicana. por Samuel Encarnación Oviedo.-
505 1 _aLa comercialización agrícola en la República Dominicana. por Joaquín Nolasco.-
505 1 _aLa realidad campesina dominicana y sus posibilidades de desarrollo. por Guillermo Bendezú Alvarado.-
505 1 _aIdeas y opiniones sobre la reforma agraria. Rafael Herrera.-
505 1 _aPosibilidades y límites de la reforma agraria en la República Dominicana. por Carlos Dore y Cabral.-
505 1 _aEl uso de los recursos naturales en la formulación de una política agropecuaria. por Manuel de Js. Viña Cáceres.
700 1 _aLeón de Seleme, Ninón
_ecomposición y diagramación.
_977590
700 1 _aMoya Pons, Frank,
_d1944-
_eed.
_92095
830 0 _aForum ;
_97431
_n3
942 _2ddc
_cLBS1
999 _c3849
_d3849